|
|
|
|
| LEADER |
00000nab a2200000 ar4500 |
| 001 |
vtls009938276 |
| 003 |
SK-MaSNL |
| 005 |
20260303045043.0 |
| 008 |
090810c2008 xo mr|p|||||||000 b|slo |
| 015 |
|
|
|a SNBRA2009/08
|2 snkbucl
|
| 038 |
|
|
|a SNKBUCL
|
| 040 |
|
|
|a SNKBUCL
|b slo
|c SNKBUCL
|e AACR2
|
| 041 |
0 |
|
|a slo
|
| 044 |
|
|
|a xo
|c SK
|
| 080 |
|
|
|a 338.5:334.75
|2 2001
|
| 080 |
|
|
|a 334.75
|2 2001
|
| 100 |
1 |
|
|a Kutišová Luknárová, Dalila
|4 aut
|9 206558
|
| 245 |
1 |
0 |
|a Transferové oceňovanie v teórii a praxi
|n 1
|c Dalila Kutišová Luknárová
|
| 300 |
|
|
|b Pokračovanie v č. 6 a 11-12/2009, a v č. 5/2010
|
| 650 |
0 |
7 |
|a nadnárodné spoločnosti
|2 snkbucl
|9 4340
|
| 650 |
0 |
7 |
|a závislé osoby (právo)
|2 snkbucl
|9 120768
|
| 650 |
0 |
7 |
|a transferové oceňovanie
|2 snkbucl
|9 81951
|
| 773 |
0 |
|
|t Účtovníctvo. Audítorstvo. Daňovníctvo v teórii a praxi
|g Roč. XVII, č. 5 (2009), s. 153-160
|x 1335-2024
|
| 852 |
|
|
|a SNK
|b KIS3GCP
|
| 999 |
|
|
|c 1702385
|d 1704315
|